Statistics for The Walking Dead Season Two Trivia

Click here to take the quiz!

General Stats

  • This quiz has been taken 2,517 times
    (2,127 since last reset)
  • The average score is 24 of 34

Answer Stats

Hint Answer % Correct
Lead Character; Sheriff; Group LeaderRick Grimes
100%
Lead's SonCarl Grimes
98%
Lead's Best Friend; Sheriff; Murdered and Turned Walker; DeceasedShane Walsh
98%
Lead's Wife; PregnantLori Grimes
96%
Survivor who is fighting inner demons; becoming a better person; good huntsmanDaryl Dixon
96%
Young Korean Man; Scavenger; Grows feelings for farmer's daughterGlenn
95%
Farmer's daughter; loves KoreanMaggie Greene
95%
Grows feelings for huntsman; loses daughter to walkersCarol Peletier
94%
Daughter who goes missing; is found a walker; DeceasedSophia Peletier
93%
Owner of Farm; believes he can heal walkersHershel Greene
93%
What did the Huntsman seem to care most about in the first half of the season?Finding Sophia
93%
The "voice of reason"; driver of RV; DeceasedDale Horvath
88%
Accidently shoots Lead's Son; is betrayed by Lead's best friendOtis
87%
Suicidal; youngest daughter of farmerBeth Greene
87%
Lead Character killed this many people in a bar in self defenseTwo
81%
Great marksman; gets very close to Lead's best friend; got over suicidal thoughtsAndrea
79%
Setting for the majority of Season TwoFarm
77%
A hallucination of this man almost let the huntsman to try and kill the lead character.Merle Dixon
70%
"This is my farm. I'll _____ here."Die
66%
The prisoner knew the Korean man's girlfriend from where?High School
63%
The survivors left supplies for the missing daughter where?Highway
61%
The Lead Character's Wife is pregnant, but it is unknown whether the true father is....Rick or Shane
57%
Wants to go East after the farm is overrun; very quiet, non-included characterT-Dog
56%
What did the owner of the farm give up, but start up again when the Lead's best friend killed the walkers in the barn?Drinking
53%
Secret revealed by Lead Character at end of season that makes everyone question his leadership.Everybody is infected
52%
"I killed my ___________ for you people!"Best Friend
52%
How was the prisoner killed by the Lead's best friend?Broken Neck
50%
Captured by survivors, held prisoner; tried to kill them; murdered by Lead's best friend; DeceasedRandall
49%
Lived on farm before group came here; tries to shoot gun like a gangsta; DeceasedJimmy
49%
"This ain't a ____________ no more."Democracy
49%
Oldest daughter of farmer; DeceasedPatricia Greene
41%
This many people died when the farm was overrun by Walkers.Two
39%
"I hear ____________'s nice."Nebraska
20%
"A life is worth more than a five minute ____________!"Discussion
16%

Score Distribution

Percentile by Number Answered

Percent of People with Each Score

Your Score History

You have not taken this quiz since the last reset